| 000 | 00978cam a2200241 4500 | ||
|---|---|---|---|
| 001 | ABS66042 | ||
| 008 | 021029n2002 000 0 eng u | ||
| 035 | _a(Sirsi) u120291 | ||
| 100 | _aShapiro, D | ||
| 245 | 2 | _aA modest proposal | |
| 260 | _c2002 | ||
| 490 |
_aSolicitors' Journal _v20 September 2002, 819-821(3) |
||
| 520 | _aExamines cost-effective ways to promote alternative dispute resolution (ADR) for small claims. Makes three proposals: increasing the small claims jurisdiction to £10 000; introducing a straight percentage contingency fee; and encouraging judges to select cases for mediation. Includes opinions from four experts on the pros and cons of these proposals. | ||
| 590 | _aABS | ||
| 650 | _aALTERNATIVE DISPUTE RESOLUTION | ||
| 650 | _aALTERNATIVE DISPUTE RESOLUTION | ||
| 650 | _aSMALL CLAIMS | ||
| 650 | _aMEDIATION | ||
| 650 | _aCONTINGENCY FEES | ||
| 690 |
_aDispute resolution _96236 |
||
| 700 | _aPreston-Jones, R | ||
| 942 | _n0 | ||
| 999 |
_c71467 _d71467 |
||